| 000 | 00505nam a2200217Ia 4500 | ||
|---|---|---|---|
| 003 | IT-RoPAU | ||
| 008 | 120407s9999 xx 000 0 und d | ||
| 040 | _aIT-RoPAU | ||
| 040 | _cIT-RoPAU | ||
| 041 | _aita | ||
| 245 | _aAtti. Incontro continentale Asia, Australia, Usa. | ||
| 250 | _aRoma | ||
| 260 | _aCasa Generalizia FSP | ||
| 260 | _c1988 | ||
| 300 | _a215 p. | ||
| 300 | _c29 cm | ||
| 490 | _v1 | ||
| 710 | _aSocietà Figlie di S. Paolo (Soc. S. Paolo) | ||
| 942 | _cBK | ||
| 999 |
_c29010 _d29010 |
||